000 00728nam a2200289Ia 4500
005 20260324121943.0
008 008 260324s9999 xx 000 0 eng d
020 _a9781315880150
037 _aEBOOK
040 _aCRL
040 _beng
040 _cCRL
041 _2eng
041 _aeng
084 _qCRL
100 _aSteven Groarke
_91164534
245 0 _aManaged Lives: Psychoanalysis, inner security and the social order
245 0 _bPsychoanalysis and the Administrative Task
260 _bTaylor and Francis
260 _c2013
365 _a
365 _b180
856 _uhttp://www.taylorfrancis.com/books/9781315880150
942 _cEBOOK
999 _c1756940
_d1756940